| 000 | 00377nam a22001337a 4500 | ||
|---|---|---|---|
| 008 | 250305b |||||||| |||| 00| 0 eng d | ||
| 020 | _a9789351118596 | ||
| 050 |
_aHD61 _b.K43 |
||
| 100 | _aShilpi Khandelwal | ||
| 245 | _aFinancial Engineering And Risk Management :Policies And Program | ||
| 260 |
_aIndia -New Delhi _bRandom Publication _c2016 |
||
| 300 | _a302p. | ||
| 942 | _cBK | ||
| 999 |
_c2107 _d2107 |
||